[Event "Campionatul National de sah pe echipe m"]
[Site "Mamaia-Constanta"]
[Date "2013.09.03"]
[Round "4.4"]
[White "Itkis, Boris"]
[Black "Tomescu, Vlad"]
[Result "1/2-1/2"]
[WhiteElo "2391"]
[BlackElo "2389"]
[PlyCount "27"]
[EventDate "2013.08.31"]
[EventRounds "9"]
[WhiteTeam "CS VICTORIA TECHIRGHIOL"]
[BlackTeam "CSU PLOIESTI"]

1. d4 Nf6 2. Nf3 e6 3. e3 b6 4. Bd3 Bb7 5. O-O c5 6. c4 Be7 7. Nc3 a6 8. Re1 d6
9. a3 Nbd7 10. Rb1 cxd4 11. exd4 d5 12. cxd5 Nxd5 13. Nxd5 Bxd5 14. Bf4 1/2-1/2

[Event "Campionatul National de sah pe echipe m"]
[Site "Mamaia-Constanta"]
[Date "2013.09.03"]
[Round "4.5"]
[White "Voiteanu, Gabriel"]
[Black "Vioreanu, Bogdan-Gabriel"]
[Result "0-1"]
[WhiteElo "2250"]
[BlackElo "2408"]
[PlyCount "74"]
[EventDate "2013.08.31"]
[EventRounds "9"]
[WhiteTeam "CSU PLOIESTI"]
[BlackTeam "CS VICTORIA TECHIRGHIOL"]

1. d4 d5 2. c4 e6 3. Nf3 Nf6 4. g3 dxc4 5. Bg2 a6 6. O-O Nc6 7. e3 Bd7 8. Ne5
Nxe5 9. dxe5 Nd5 10. Nc3 Nxc3 11. bxc3 c6 12. a4 Qc7 13. Qd4 Rd8 14. f4 Be7 15.
a5 c5 16. Qe4 Bc6 17. Qc2 Rd3 18. Rd1 Bxg2 19. Kxg2 Qd7 20. Rxd3 cxd3 21. Qa4
c4 22. Kf3 Qb5 23. Bd2 Kd7 24. Qa2 f5 25. exf6 gxf6 26. Rb1 Qd5+ 27. Kf2 Rc8
28. Qa4+ Kd8 29. Qd1 h5 30. Rb6 Bc5 31. Rb2 Bd6 32. Qf3 Qxf3+ 33. Kxf3 Rc5 34.
Rxb7 Rxa5 35. Rb2 Ra1 36. Ke4 Kc7 37. Kd4 Ba3 0-1

[Event "Campionatul National de sah pe echipe m"]
[Site "Mamaia-Constanta"]
[Date "2013.09.03"]
[Round "4.6"]
[White "Malureanu, Costin-George"]
[Black "Deac, Bogdan-Daniel"]
[Result "0-1"]
[WhiteElo "2135"]
[BlackElo "2224"]
[PlyCount "73"]
[EventDate "2013.08.31"]
[EventRounds "9"]
[WhiteTeam "CS VICTORIA TECHIRGHIOL"]
[BlackTeam "CSU PLOIESTI"]

1. e4 c6 2. d4 d5 3. e5 Bf5 4. c4 e6 5. Nc3 Ne7 6. a3 Nd7 7. Be3 dxc4 8. Bxc4
Nb6 9. Ba2 Ned5 10. Nge2 Be7 11. Ng3 Bg6 12. O-O O-O 13. Nce4 a5 14. Bd2 Nc7
15. Be3 Ncd5 16. Bd2 a4 17. Qg4 Nc7 18. Rad1 Nbd5 19. Bb1 Nb5 20. Bc1 Kh8 21.
Qe2 Qb6 22. Be3 Rad8 23. Rd2 Qa7 24. Rfd1 Qb6 25. Qg4 Nxe3 26. fxe3 Nc7 27. Ba2
Nd5 28. Bxd5 cxd5 29. Nc3 Qb3 30. Rc1 b5 31. Qd1 Rc8 32. Nge2 b4 33. axb4 Bxb4
34. h4 Qxd1+ 35. Rdxd1 a3 36. b3 Bh5 37. Ra1 0-1

[Event "Campionatul National de sah pe echipe m"]
[Site "Mamaia-Constanta"]
[Date "2013.09.04"]
[Round "5.1"]
[White "Timoshenko, Georgy"]
[Black "Erdos, Viktor"]
[Result "1/2-1/2"]
[WhiteElo "2518"]
[BlackElo "2650"]
[PlyCount "114"]
[EventDate "2013.08.31"]
[EventRounds "9"]
[WhiteTeam "CS VICTORIA TECHIRGHIOL"]
[BlackTeam "CLUBUL DE SAH AL MUN. BAIA MARE"]

1. d4 Nf6 2. c4 c6 3. Nf3 d5 4. cxd5 cxd5 5. Nc3 Nc6 6. Bf4 Bf5 7. e3 e6 8. Bd3
Bxd3 9. Qxd3 Be7 10. h3 O-O 11. O-O Rc8 12. Rfc1 a6 13. Nd2 Nd7 14. a3 Nb6 15.
Ne2 Qd7 16. b4 Na7 17. Nb3 Rxc1+ 18. Nexc1 Nc4 19. Nc5 Qc6 20. a4 Qc8 21. Qb3
Nc6 22. Ne2 Nxb4 23. Qxb4 b6 24. Rb1 a5 25. Qb3 bxc5 26. e4 cxd4 27. exd5 exd5
28. Nxd4 Bf6 29. Qd3 Qe8 30. Nf5 Qe6 31. Ne3 Nxe3 32. Bxe3 d4 33. Bd2 Qa2 34.
Bxa5 Qxa4 35. Bd2 h5 36. g3 Qa2 37. g4 hxg4 38. hxg4 Qe6 39. Qf3 Rd8 40. Re1
Qa2 41. Rd1 d3 42. Kg2 Be7 43. Qe3 Bf8 44. Rh1 Qd5+ 45. Qf3 f6 46. Qxd5+ Rxd5
47. Rd1 Bc5 48. Kf3 Kf7 49. Be3 Bxe3 50. Kxe3 Kg6 51. Rxd3 Rxd3+ 52. Kxd3 Kg5
53. f3 Kf4 54. Ke2 g6 55. Kf2 g5 56. Ke2 f5 57. gxf5 Kxf5 1/2-1/2

[Event "Campionatul National de sah pe echipe m"]
[Site "Mamaia-Constanta"]
[Date "2013.09.04"]
[Round "5.4"]
[White "Szabo, Gergely-Andras-Gyul"]
[Black "Raceanu, Valentin"]
[Result "1/2-1/2"]
[WhiteElo "2550"]
[BlackElo "2424"]
[PlyCount "25"]
[EventDate "2013.08.31"]
[EventRounds "9"]
[WhiteTeam "CLUBUL DE SAH AL MUN. BAIA MARE"]
[BlackTeam "CS VICTORIA TECHIRGHIOL"]

1. e4 c5 2. c3 d5 3. exd5 Qxd5 4. d4 Nc6 5. Nf3 Bf5 6. Be3 Nf6 7. Qb3 cxd4 8.
Bc4 Na5 9. Bxd5 Nxb3 10. axb3 Nxd5 11. Bxd4 a6 12. O-O f6 13. Ra5 $11 1/2-1/2

[Event "Campionatul National de sah pe echipe m"]
[Site "Mamaia-Constanta"]
[Date "2013.09.04"]
[Round "5.5"]
[White "Vioreanu, Bogdan-Gabriel"]
[Black "Banusz, Tamas"]
[Result "0-1"]
[WhiteElo "2408"]
[BlackElo "2595"]
[PlyCount "76"]
[EventDate "2013.08.31"]
[EventRounds "9"]
[WhiteTeam "CS VICTORIA TECHIRGHIOL"]
[BlackTeam "CLUBUL DE SAH AL MUN. BAIA MARE"]

1. d4 d5 2. c4 c6 3. Nf3 Nf6 4. e3 Bf5 5. Nc3 e6 6. Nh4 Bg6 7. Be2 Nbd7 8. O-O
Bd6 9. g3 Qe7 10. Bd2 dxc4 11. Nxg6 hxg6 12. Bxc4 Nb6 13. Be2 e5 14. dxe5 Bxe5
15. Qc1 O-O-O 16. f4 Bc7 17. Rf2 Qe6 18. Qc2 Nc4 19. Bxc4 Qxc4 20. Re1 Ng4 21.
Rfe2 Rh3 22. Rg2 Qc5 23. Bc1 Kb8 24. Ne4 Qa5 25. Nc3 g5 26. f5 Rdh8 27. Ree2
Qe5 28. Kf1 Ba5 29. e4 Qc5 30. Bxg5 Bb6 31. Bf4+ Ka8 32. Ke1 Rxh2 33. Rxh2 Qg1+
34. Kd2 Rd8+ 35. Nd5 Nxh2 36. Kc3 cxd5 37. Rxh2 Qc5+ 38. Kd2 dxe4+ 0-1

[Event "Campionatul National de sah pe echipe m"]
[Site "Mamaia-Constanta"]
[Date "2013.09.04"]
[Round "5.6"]
[White "Hajbok, Robert"]
[Black "Malureanu, Costin-George"]
[Result "1/2-1/2"]
[WhiteElo "2345"]
[BlackElo "2135"]
[PlyCount "69"]
[EventDate "2013.08.31"]
[EventRounds "9"]
[WhiteTeam "CLUBUL DE SAH AL MUN. BAIA MARE"]
[BlackTeam "CS VICTORIA TECHIRGHIOL"]

1. e4 c5 2. Nf3 Nc6 3. d4 cxd4 4. Nxd4 Nf6 5. Nc3 d6 6. Bg5 e6 7. Qd2 a6 8.
O-O-O Bd7 9. f3 Be7 10. Be3 b5 11. Nxc6 Bxc6 12. Ne2 Bb7 13. g4 Nd7 14. Nd4 Qc7
15. Bg5 Ne5 16. Bxe7 Qxe7 17. Be2 d5 18. exd5 Bxd5 19. Qe3 Nc6 20. Nxc6 Bxc6
21. Qc3 Qg5+ 22. Rd2 Rc8 23. h4 Qf6 24. Qa3 a5 25. g5 Qf4 26. Rhd1 b4 27. Qxa5
O-O 28. Kb1 Bd5 29. Qb6 Qxh4 30. Qe3 f6 31. gxf6 Qxf6 32. Rd4 Ra8 33. Bc4 Qxf3
34. Qxf3 Bxf3 35. Bxe6+ 1/2-1/2

[Event "Campionatul National de sah pe echipe m"]
[Site "Mamaia-Constanta"]
[Date "2013.09.04"]
[Round "5.2"]
[White "Baratosi, Daniel"]
[Black "Berkes, Ferenc"]
[Result "1/2-1/2"]
[WhiteElo "2402"]
[BlackElo "2678"]
[PlyCount "84"]
[EventDate "2013.08.31"]
[EventRounds "9"]
[WhiteTeam "CSU PLOIESTI"]
[BlackTeam "CS AEM LUXTEN TIMISOARA"]

1. e4 c5 2. c3 e6 3. d4 d5 4. exd5 exd5 5. Be3 c4 6. b3 cxb3 7. axb3 Nc6 8. Bd3
Bd6 9. Qf3 Nge7 10. Ne2 O-O 11. Nd2 Be6 12. Bf4 Ng6 13. Bxd6 Qxd6 14. h4 h6 15.
h5 Nge7 16. Qf4 Rfd8 17. Qxd6 Rxd6 18. f3 a5 19. Kf2 Rc8 20. Nf1 Bf5 21. Bxf5
Nxf5 22. g4 Nfe7 23. Ne3 b6 24. Rhg1 Kf8 25. g5 Nd8 26. c4 hxg5 27. Rxg5 Ne6
28. Rg4 Rcd8 29. Rag1 dxc4 30. Nxc4 Rc6 31. Nf4 Nxf4 32. Rxf4 a4 33. Ne5 Rc2+
34. Kg3 axb3 35. Rxf7+ Ke8 36. Kh3 Rd7 37. h6 gxh6 38. Rh7 Kd8 39. Nxd7 b2 40.
Rb1 Kxd7 41. Rg7 Rf2 42. Rg2 Rxf3+ 1/2-1/2

[Event "Campionatul National de sah pe echipe m"]
[Site "Mamaia-Constanta"]
[Date "2013.09.04"]
[Round "5.4"]
[White "Tomescu, Vlad"]
[Black "Parligras, Mircea-Emilian"]
[Result "0-1"]
[WhiteElo "2389"]
[BlackElo "2560"]
[PlyCount "76"]
[EventDate "2013.08.31"]
[EventRounds "9"]
[WhiteTeam "CSU PLOIESTI"]
[BlackTeam "CS AEM LUXTEN TIMISOARA"]

1. d4 Nf6 2. Nf3 e6 3. e3 b6 4. Bd3 Bb7 5. O-O d5 6. b3 Bd6 7. Bb2 O-O 8. Ne5
c5 9. Nd2 Nc6 10. f4 Rc8 11. a3 cxd4 12. exd4 Ne7 13. Qe2 Ng6 14. g3 Rc7 15. h4
Re8 16. Rfe1 Nf8 17. Kh2 Qe7 18. c3 N6d7 19. Ndf3 f6 20. Nxd7 Qxd7 21. a4 a5
22. Bb5 Bc6 23. Qd3 Ng6 24. Bxc6 Rxc6 25. Re2 Ne7 26. Rae1 Nf5 27. Kg2 h5 28.
Nd2 Qf7 29. Nf1 Qg6 30. Kf2 Kf7 31. Qb5 Rc7 32. Qxb6 Qg4 33. Re3 Rce7 34. Qa6
e5 35. dxe5 Bc5 36. Qd3 Bxe3+ 37. Rxe3 Nxe3 38. Nxe3 Qe6 0-1

[Event "Campionatul National de sah pe echipe m"]
[Site "Mamaia-Constanta"]
[Date "2013.09.04"]
[Round "5.5"]
[White "Nevednichy, Vladislav"]
[Black "Voiteanu, Gabriel"]
[Result "1-0"]
[WhiteElo "2573"]
[BlackElo "2250"]
[PlyCount "49"]
[EventDate "2013.08.31"]
[EventRounds "9"]
[WhiteTeam "CS AEM LUXTEN TIMISOARA"]
[BlackTeam "CSU PLOIESTI"]

1. c4 Nf6 2. g3 e5 3. Bg2 d5 4. cxd5 Nxd5 5. Nc3 Nb6 6. Nf3 Nc6 7. O-O Be7 8.
a3 a5 9. d3 Be6 10. Be3 Nd5 11. Nxd5 Bxd5 12. Qa4 O-O 13. Rac1 b5 14. Qxb5 Rb8
15. Qa4 Rxb2 16. Rxc6 Bxc6 17. Qxc6 Rxe2 18. Nxe5 Bxa3 19. d4 Qd6 20. Qc4 Rb2
21. Bd5 Qe7 22. Bc1 Rb1 23. Bxf7+ Kh8 24. Bxa3 Rxf1+ 25. Qxf1 1-0

[Event "Campionatul National de sah pe echipe m"]
[Site "Mamaia-Constanta"]
[Date "2013.09.04"]
[Round "5.4"]
[White "Danilov, Vladimir"]
[Black "Rogozenco, Dorian"]
[Result "1/2-1/2"]
[WhiteElo "2405"]
[BlackElo "2515"]
[PlyCount "143"]
[EventDate "2013.08.31"]
[EventRounds "9"]
[WhiteTeam "CS POLITEHNICA IASI"]
[BlackTeam "CS STUD. MEDICINA TIMISOARA"]

1. d4 Nf6 2. c4 e6 3. Nc3 Bb4 4. Qc2 d6 5. Nf3 Nbd7 6. Bg5 c5 7. dxc5 Nxc5 8.
a3 Bxc3+ 9. Qxc3 Nce4 10. Bxf6 Qxf6 11. Qxf6 Nxf6 12. e3 b6 13. Nd2 Bb7 14. Nf3
Bc8 15. Nd2 Bb7 16. f3 Ke7 17. h4 Rac8 18. Bd3 h6 19. Rc1 Rc7 20. Kf2 Rhc8 21.
Rc3 g5 22. hxg5 hxg5 23. e4 Rg8 24. g4 Rcc8 25. Nf1 Rh8 26. Rxh8 Rxh8 27. b4
Nd7 28. Be2 Ne5 29. Rc2 Ng6 30. Ne3 Nf4 31. Bf1 Rh2+ 32. Bg2 Rh6 33. Kg3 Rh8
34. c5 dxc5 35. bxc5 Rc8 36. cxb6 Rxc2 37. Nxc2 axb6 38. Bf1 Kd6 39. Kf2 Kc5
40. Ke3 Bc6 41. Nb4 Bb5 42. Bxb5 Kxb5 43. Kd4 Ng6 44. Nd3 Nh4 45. Ne1 f6 46.
Kc3 Ka4 47. Kb2 b5 48. Ka2 b4 49. axb4 Kxb4 50. Kb2 Kc4 51. Kc2 Kd4 52. Kd2
Nxf3+ 53. Nxf3+ Kxe4 54. Ke2 Kf4 55. Nd2 Kxg4 56. Ke3 Kf5 57. Ne4 e5 58. Nd6+
Ke6 59. Ne8 f5 60. Nc7+ Kd7 61. Nd5 g4 62. Ke2 Ke6 63. Ne3 Kf6 64. Nc4 f4 65.
Nd6 g3 66. Kf3 Ke6 67. Ne4 Kd5 68. Ng5 Kd4 69. Nh3 Kd3 70. Ng1 Kd2 71. Ke4 Ke1
72. Kf3 1/2-1/2

[Event "Campionatul National de sah pe echipe m"]
[Site "Mamaia-Constanta"]
[Date "2013.09.04"]
[Round "5.5"]
[White "Ardelean, George-Catalin"]
[Black "Ungureanu, Vlad"]
[Result "1-0"]
[WhiteElo "2507"]
[BlackElo "2374"]
[PlyCount "79"]
[EventDate "2013.08.31"]
[EventRounds "9"]
[WhiteTeam "CS STUD. MEDICINA TIMISOARA"]
[BlackTeam "CS POLITEHNICA IASI"]

1. e4 c5 2. Nf3 e6 3. c3 Qa5 4. Na3 Nc6 5. Bd3 d6 6. O-O Nf6 7. Bc2 Be7 8. d4
cxd4 9. Nxd4 a6 10. Nc4 Qc7 11. a4 Na5 12. Nxa5 Qxa5 13. Qe2 O-O 14. Kh1 Re8
15. Nb3 Qc7 16. Bg5 e5 17. a5 Be6 18. Nd2 b5 19. axb6 Qxb6 20. b3 Rec8 21. c4
a5 22. Ra4 Bd7 23. Ra2 h6 24. Be3 Qb4 25. f3 a4 26. bxa4 Bd8 27. Rb1 Qc3 28. g3
Rcb8 29. Rxb8 Rxb8 30. Nb1 Qa5 31. Bd2 Qc5 32. a5 Be6 33. Ra4 d5 34. exd5 Nxd5
35. Nc3 Nxc3 36. Bxc3 f6 37. Kg2 Ra8 38. Qe4 Ra7 39. Qh7+ Kf8 40. Bb4 1-0

[Event "Campionatul National de sah pe echipe m"]
[Site "Mamaia-Constanta"]
[Date "2013.09.04"]
[Round "5.6"]
[White "Stegariu, Vlad-Ionut"]
[Black "Doros, Radu-Marian"]
[Result "1/2-1/2"]
[WhiteElo "2171"]
[BlackElo "2307"]
[PlyCount "65"]
[EventDate "2013.08.31"]
[EventRounds "9"]
[WhiteTeam "CS POLITEHNICA IASI"]
[BlackTeam "CS STUD. MEDICINA TIMISOARA"]

1. d4 Nf6 2. c4 e6 3. Nf3 b6 4. g3 Bb4+ 5. Bd2 Be7 6. Nc3 c6 7. Bg2 d5 8. O-O
O-O 9. Ne5 Nfd7 10. Nxd7 Qxd7 11. cxd5 cxd5 12. Bf4 Bb7 13. Bxb8 Raxb8 14. Qd2
Rfc8 15. Rfc1 Ba6 16. e3 Bb4 17. a3 Be7 18. Nd1 Bc4 19. Rc2 b5 20. Bf1 f5 21.
Rac1 Qb7 22. Bd3 Bd8 23. Qc3 a5 24. Qd2 a4 25. Qe2 Be7 26. f3 Rc7 27. Nf2 Rbc8
28. Kg2 Bf6 29. Qd2 Qb6 30. Be2 Be7 31. Nd3 Bd6 32. Kf2 Kf7 33. Ne5+ 1/2-1/2

[Event "Campionatul National de sah pe echipe m"]
[Site "Mamaia-Constanta"]
[Date "2013.09.04"]
[Round "5.1"]
[White "Pop, Alexandru"]
[Black "Shishkin, Vadim"]
[Result "1-0"]
[WhiteElo "2284"]
[BlackElo "2508"]
[PlyCount "127"]
[EventDate "2013.08.31"]
[EventRounds "9"]
[WhiteTeam "CS OTOPENI"]
[BlackTeam "CS MUNCITORUL RESITA"]

1. d4 Nf6 2. c4 g6 3. Nc3 d5 4. Nf3 Bg7 5. Qb3 dxc4 6. Qxc4 O-O 7. e4 Be6 8. d5
Bc8 9. Be2 b6 10. Qb3 c6 11. O-O cxd5 12. exd5 Bb7 13. Rd1 Na6 14. Be3 Nc7 15.
Bc4 Nce8 16. Rac1 Nd6 17. Be2 Rc8 18. Nd4 Qd7 19. Bf3 Nc4 20. Bf4 Na5 21. Qb5
Rc4 22. Be3 Qxb5 23. Ndxb5 Ra8 24. b3 Rcc8 25. Bf4 Ne8 26. Ne2 e5 27. dxe6 Bxf3
28. exf7+ Kxf7 29. gxf3 Rxc1 30. Bxc1 Nc6 31. Ba3 Kg8 32. Kg2 a6 33. Nd6 Bf8
34. Nxe8 Bxa3 35. Nf6+ Kg7 36. Ne4 Ra7 37. Nf4 Re7 38. Nd5 Rd7 39. Rd2 Nb4 40.
Nxb4 Rxd2 41. Nxd2 Bxb4 42. Ne4 h6 43. f4 Kf7 44. Kf3 Ke6 45. Ng3 Kf6 46. Nf1
b5 47. Ne3 Bd6 48. h3 a5 49. Ke4 a4 50. Ng4+ Kg7 51. f5 axb3 52. axb3 Bb8 53.
Ne5 gxf5+ 54. Kxf5 Ba7 55. f4 Be3 56. Ng6 Kf7 57. h4 Bd2 58. h5 Bc1 59. Ne5+
Kg7 60. Nd3 Be3 61. Ke6 Bd4 62. f5 Bc3 63. Ne5 Kf8 64. Nd7+ 1-0

[Event "Campionatul National de sah pe echipe m"]
[Site "Mamaia-Constanta"]
[Date "2013.09.04"]
[Round "5.2"]
[White "Petrisor, Adrian-Marian"]
[Black "Grigore, Nicolae-Petre"]
[Result "1-0"]
[WhiteElo "2401"]
[BlackElo "2379"]
[PlyCount "69"]
[EventDate "2013.08.31"]
[EventRounds "9"]
[WhiteTeam "CS MUNCITORUL RESITA"]
[BlackTeam "CS OTOPENI"]

1. d4 d5 2. c4 dxc4 3. Nf3 Nf6 4. Qa4+ c6 5. Qxc4 b5 6. Qc2 Bb7 7. e4 e6 8. Bg5
h6 9. Be3 Nbd7 10. Nbd2 Rc8 11. a3 c5 12. d5 exd5 13. Bxb5 d4 14. Bf4 Qa5 15.
Qc4 Bc6 16. Bxc6 Rxc6 17. Nxd4 Rb6 18. N4b3 Qb5 19. Rc1 Nh5 20. Be3 Ne5 21.
Qxb5+ Rxb5 22. O-O Ng4 23. a4 Rb8 24. Bxc5 Nf4 25. Rc4 Ne5 26. Rc2 Rc8 27. Bxf8
Rxc2 28. Bxg7 Nf3+ 29. Nxf3 Rg8 30. Nbd4 Rxb2 31. Nf5 Ra2 32. g3 Ne2+ 33. Kg2
Rxa4 34. Re1 Ra2 35. Kf1 1-0

[Event "Campionatul National de sah pe echipe m"]
[Site "Mamaia-Constanta"]
[Date "2013.09.04"]
[Round "5.5"]
[White "Vasile, Claudiu-Daniel"]
[Black "Vrencian, Lehel"]
[Result "1-0"]
[WhiteElo "2171"]
[BlackElo "2190"]
[PlyCount "59"]
[EventDate "2013.08.31"]
[EventRounds "9"]
[WhiteTeam "CS OTOPENI"]
[BlackTeam "CS MUNCITORUL RESITA"]

1. e4 c5 2. Nf3 d6 3. d4 cxd4 4. Nxd4 Nf6 5. Nc3 a6 6. Bg5 e6 7. f4 Bd7 8. Qf3
Nc6 9. O-O-O Nxd4 10. Rxd4 Bc6 11. Qd1 Qa5 12. Bxf6 gxf6 13. f5 Qe5 14. Bc4 Be7
15. Re1 b5 16. Bb3 Rc8 17. Kb1 Rg8 18. g3 Kf8 19. Nd5 Bd7 20. Nf4 Rg5 21. c3 d5
22. exd5 Qxf5+ 23. Bc2 e5 24. Bxf5 Bxf5+ 25. Rde4 exf4 26. gxf4 Rg2 27. d6 Bd8
28. Kc1 Bxe4 29. Rxe4 Rc6 30. Qd5 1-0

[Event "Campionatul National de sah pe echipe m"]
[Site "Mamaia-Constanta"]
[Date "2013.09.04"]
[Round "5.1"]
[White "Iordachescu, Viorel"]
[Black "Jianu, Vlad-Cristian"]
[Result "1-0"]
[WhiteElo "2609"]
[BlackElo "2550"]
[PlyCount "81"]
[EventDate "2013.08.31"]
[EventRounds "9"]
[WhiteTeam "ACS SAH APA NOVA BUCURESTI"]
[BlackTeam "CSM LUGOJ"]

1. e4 c5 2. Nf3 d6 3. d4 cxd4 4. Nxd4 Nf6 5. Nc3 g6 6. Be3 Bg7 7. f3 Nc6 8. Qd2
O-O 9. Bc4 Bd7 10. h4 Rc8 11. Bb3 h5 12. O-O-O Ne5 13. Kb1 Re8 14. Rhe1 Qa5 15.
Bg5 Nh7 16. Bh6 Bh8 17. Qf2 b5 18. g4 hxg4 19. f4 Nc4 20. h5 b4 21. hxg6 fxg6
22. Nce2 Nf6 23. e5 Ne4 24. Qg2 Bf5 25. Nxf5 gxf5 26. Nd4 Qd5 27. Ka1 Nc3 28.
Qxd5+ Nxd5 29. Nxf5 Ndb6 30. Bg5 dxe5 31. Nxe7+ Rxe7 32. Bxe7 exf4 33. Re4
Bxb2+ 34. Kb1 Kf7 35. Bxb4 Kg6 36. Rxf4 Kg5 37. Re4 Be5 38. Rf1 Rc7 39. Rg1 g3
40. Rxe5+ Nxe5 41. Bd6 1-0

[Event "Campionatul National de sah pe echipe m"]
[Site "Mamaia-Constanta"]
[Date "2013.09.04"]
[Round "5.2"]
[White "Grigoriants, Sergey"]
[Black "Miron, Lucian-Costin"]
[Result "1/2-1/2"]
[WhiteElo "2576"]
[BlackElo "2532"]
[PlyCount "27"]
[EventDate "2013.08.31"]
[EventRounds "9"]
[WhiteTeam "CSM LUGOJ"]
[BlackTeam "ACS SAH APA NOVA BUCURESTI"]

1. Nf3 Nf6 2. c4 e6 3. d4 d5 4. g3 c6 5. Nbd2 Nbd7 6. Bg2 Bd6 7. O-O O-O 8. Qc2
Re8 9. b3 e5 10. cxd5 cxd5 11. dxe5 Nxe5 12. Bb2 Nc6 13. e3 Bg4 14. Rac1
1/2-1/2

[Event "Campionatul National de sah pe echipe m"]
[Site "Mamaia-Constanta"]
[Date "2013.09.04"]
[Round "5.3"]
[White "Fedorov, Alexei"]
[Black "Filip, Lucian"]
[Result "1/2-1/2"]
[WhiteElo "2567"]
[BlackElo "2453"]
[PlyCount "97"]
[EventDate "2013.08.31"]
[EventRounds "9"]
[WhiteTeam "ACS SAH APA NOVA BUCURESTI"]
[BlackTeam "CSM LUGOJ"]

1. e4 c5 2. Nf3 Nc6 3. d4 cxd4 4. Nxd4 e6 5. Nb5 d6 6. c4 Nf6 7. N1c3 a6 8. Na3
Be7 9. Be2 O-O 10. O-O Qa5 11. Nc2 Rd8 12. Ne3 Bd7 13. a4 Rac8 14. Re1 Ne5 15.
Bd2 Qc7 16. a5 Bc6 17. Qb1 Kh8 18. b4 Be8 19. Ra2 Rb8 20. Rc1 Rdc8 21. h3 Qd8
22. Be1 Bc6 23. Rd1 Qg8 24. f3 Nh5 25. Bf2 Nf4 26. Bf1 h5 27. b5 Be8 28. Rb2
Ra8 29. Na4 Rd8 30. Nb6 Rab8 31. Rb3 g5 32. Kh1 f6 33. g3 Nfg6 34. Ng2 g4 35.
f4 gxh3 36. Ne3 Ng4 37. Be1 Nf8 38. Bxh3 Nd7 39. Nxd7 Bxd7 40. Rd2 Nxe3 41.
Rxe3 e5 42. Bxd7 Rxd7 43. Rh2 Qxc4 44. Rxh5+ Kg8 45. Qd1 Bf8 46. Qg4+ Rg7 47.
Qh3 exf4 48. gxf4 Re8 49. Rh8+ 1/2-1/2

[Event "Campionatul National de sah pe echipe m"]
[Site "Mamaia-Constanta"]
[Date "2013.09.04"]
[Round "5.4"]
[White "Balla, Tamas-Kristof"]
[Black "Marin, Mihail"]
[Result "0-1"]
[WhiteElo "2376"]
[BlackElo "2560"]
[PlyCount "106"]
[EventDate "2013.08.31"]
[EventRounds "9"]
[WhiteTeam "CSM LUGOJ"]
[BlackTeam "ACS SAH APA NOVA BUCURESTI"]

1. d4 d5 2. c4 e6 3. Nc3 Nf6 4. cxd5 exd5 5. Bg5 Nbd7 6. e3 h6 7. Bh4 Be7 8.
Bd3 c6 9. Qc2 Nh5 10. Bxe7 Qxe7 11. Nge2 Nb6 12. h3 Bd7 13. O-O-O O-O-O 14. Kb1
Kb8 15. Rc1 Rhe8 16. a4 Qb4 17. Ka1 Nf6 18. b3 Nc8 19. Na2 Qe7 20. Rhe1 Nd6 21.
Ng3 h5 22. f3 h4 23. Nf5 Bxf5 24. Bxf5 Nh5 25. Bd3 Qg5 26. e4 dxe4 27. fxe4 Nf4
28. Bf1 f5 29. d5 cxd5 30. e5 Ne4 31. Qc7+ Ka8 32. Bb5 Ne6 33. Qa5 Nd4 34. Qb4
Nxb5 35. Qxb5 Qg3 36. Red1 Qxe5+ 37. Kb1 a6 38. Qb6 Qd6 39. Qd4 Qf6 40. Nb4
Qxd4 41. Rxd4 Nf6 42. Rf1 Re4 43. Nc2 g6 44. Rf3 Nh5 45. Kc1 Ng3 46. Kd1 g5 47.
Rfd3 Ne2 48. Rxe4 fxe4 49. Rd2 Nf4 50. Ke1 Rc8 51. Kf2 Rc3 52. Ne3 Nd3+ 53. Ke2
d4 0-1

[Event "Campionatul National de sah pe echipe m"]
[Site "Mamaia-Constanta"]
[Date "2013.09.04"]
[Round "5.6"]
[White "Manea, Alexandru"]
[Black "David, Alexandru-Vasile"]
[Result "1/2-1/2"]
[WhiteElo "2390"]
[BlackElo "2088"]
[PlyCount "32"]
[EventDate "2013.08.31"]
[EventRounds "9"]
[WhiteTeam "CSM LUGOJ"]
[BlackTeam "ACS SAH APA NOVA BUCURESTI"]

1. d4 Nf6 2. Nf3 g6 3. Bg5 Bg7 4. Nbd2 d5 5. c3 Nbd7 6. e3 O-O 7. Bd3 b6 8. Qe2
Bb7 9. Ba6 Qc8 10. Bxb7 Qxb7 11. O-O c5 12. Rfe1 e6 13. Rad1 cxd4 14. cxd4 Rfc8
15. Rc1 Rxc1 16. Rxc1 Rc8 1/2-1/2

[Event "Campionatul National de sah pe echipe m"]
[Site "Mamaia-Constanta"]
[Date "2013.09.05"]
[Round "6.1"]
[White "Erdos, Viktor"]
[Black "Jianu, Vlad-Cristian"]
[Result "1/2-1/2"]
[WhiteElo "2650"]
[BlackElo "2550"]
[PlyCount "71"]
[EventDate "2013.08.31"]
[EventRounds "9"]
[WhiteTeam "CLUBUL DE SAH AL MUN. BAIA MARE"]
[BlackTeam "CSM LUGOJ"]

1. e4 c5 2. Nf3 e6 3. g3 Nc6 4. Bg2 Nf6 5. Qe2 d6 6. O-O Be7 7. c3 b6 8. Rd1
O-O 9. d4 cxd4 10. Nxd4 Nxd4 11. cxd4 Bb7 12. Nc3 Qc7 13. Bf4 Rad8 14. Rac1 Qb8
15. g4 Rfe8 16. g5 Nd7 17. h4 Bf8 18. Bg3 a6 19. d5 exd5 20. Nxd5 Rc8 21. Qd2
b5 22. b3 Rxc1 23. Rxc1 Rc8 24. Rd1 Ne5 25. Kh1 Bxd5 26. exd5 Re8 27. Re1 g6
28. Be4 Qc8 29. Kg2 h6 30. f3 hxg5 31. hxg5 Qd8 32. Bf4 Nd7 33. Bb1 Rxe1 34.
Qxe1 Bg7 35. Qd2 Qe7 36. Be3 1/2-1/2

[Event "Campionatul National de sah pe echipe m"]
[Site "Mamaia-Constanta"]
[Date "2013.09.05"]
[Round "6.4"]
[White "Balla, Tamas-Kristof"]
[Black "Szabo, Gergely-Andras-Gyul"]
[Result "0-1"]
[WhiteElo "2376"]
[BlackElo "2550"]
[PlyCount "56"]
[EventDate "2013.08.31"]
[EventRounds "9"]
[WhiteTeam "CSM LUGOJ"]
[BlackTeam "CLUBUL DE SAH AL MUN. BAIA MARE"]

1. d4 d5 2. c4 e6 3. e3 Nf6 4. Nf3 Be7 5. Nbd2 O-O 6. b3 c5 7. Bb2 cxd4 8. exd4
b6 9. Bd3 Bb7 10. Qe2 Nbd7 11. O-O Rc8 12. Rad1 Qc7 13. Rfe1 Rfd8 14. Ne5 Nf8
15. f4 Ng6 16. Qf2 Qb8 17. Kh1 Qa8 18. f5 Nxe5 19. dxe5 Ng4 20. Qg3 dxc4 21.
Qxg4 h5 22. Qe2 cxd3 23. Qf2 Rc2 24. Bc1 Bc5 25. Qg3 h4 26. Qh3 exf5 27. Rf1 g6
28. Rf4 Rd4 0-1

[Event "Campionatul National de sah pe echipe m"]
[Site "Mamaia-Constanta"]
[Date "2013.09.05"]
[Round "6.1"]
[White "Shishkin, Vadim"]
[Black "Iordachescu, Viorel"]
[Result "1/2-1/2"]
[WhiteElo "2508"]
[BlackElo "2609"]
[PlyCount "24"]
[EventDate "2013.08.31"]
[EventRounds "9"]
[WhiteTeam "CS MUNCITORUL RESITA"]
[BlackTeam "ACS SAH APA NOVA BUCURESTI"]

1. d4 Nf6 2. c4 e6 3. Nc3 Bb4 4. Qc2 O-O 5. e4 d5 6. e5 Ne4 7. Bd3 c5 8. Nf3
cxd4 9. Nxd4 Nc5 10. O-O Nxd3 11. Qxd3 Nc6 12. Nf3 dxc4 $11 1/2-1/2